000 00743nam a2200301Ia 4500
005 20260121125524.0
008 008 260114s9999 xx 000 0 eng d
020 _a9783964561701
037 _aEBOOK
040 _aCRL
040 _beng
040 _cCRL
041 _2eng
041 _aeng
084 _qCRL
100 _aSchlickers, Sabine
_9994398
245 0 _aLa obsesion del yo
260 _bWalter de Gruyter
260 _bWalter de Gruyter
260 _c2010
650 _aGermanic and Romanic Studies
_9994399
700 _a Luengo, Ana
_9994400
700 _a Toro, Vera
_9994401
856 _uhttp://www.degruyter.com/isbn/9783964561701
942 _cEBOOK
999 _c1562619
_d1562619